Countries, US States, Capitals, Elements, 100 Most Common Words: A + B + xy = C #5 - Statistics

General Stats
  • This quiz has been taken 60 times
  • The average score is 25 of 40
Answer Stats
ANSWER % Correct
Any
98%
Tin
98%
Tin
98%
Rome
95%
Can
93%
Its
93%
One
93%
Out
93%
Some
93%
Some
93%
Laos
91%
Lead
89%
Riga
89%
Bissau
86%
Gabon
84%
Radium
61%
a
55%
Minnesota
55%
v
55%
Antimony
52%
e
52%
n
52%
Nicaragua
52%
p
52%
y
52%
Baton Rouge
50%
e
50%
o
50%
a
36%
El Salvador
36%
t
36%
East Timor
32%
m
32%
Praseodymium
32%
r
32%
r
32%
u
32%
a
30%
Buenos Aires
30%
r
30%
No matching quizzes found
Score Distribution
Percent of People with Each Score
Percentile by Number Answered
Your Score History
You have not taken this quiz